Bilder nach Land - Deutschland - Statistiken

Allgemein
  • Dieses Quiz wurde 95 mal gespielt
  • Das Durchschnittsergebnis liegt bei 8 aus 16
Antwortstatistiken
Bildquiz Hint Antwort % Korrekt
(Fußballspieler) Lothar Matthäus
79%
(Politiker) Helmut Schmidt
74%
(Tier) Europäischer Dachs
73%
(Stadion) Weserstadion
58%
(Gericht) Königsberger Klopse
57%
(Landschaftsschutzgebiet) Lüneburger Heide
54%
(Gebirge) Sächsische Schweiz
52%
(Automodell) VW Polo
49%
(Kirche) Frauenkirche München
48%
(Fluss) Saar
48%
(Moderatorin) Sandra Maischberger
43%
(Gebäude) Schloss Sanssouci
41%
(Stadt) Dortmund
40%
(Stadt) Rothenburg ob der Tauber
29%
(Brücke) Oberbaumbrücke
19%
(Park) Landschaftspark Duisburg-Nord
7%
Keine übereinstimmenden Quizze gefunden
Verteilung der Resultate
Anzahl Personen mit jedem Resultat
Perzentil nach korrekt beantworteten Fragen
Ihre Resultats-Entwicklung
Sie haben dieses Quiz noch nicht gespielt